000 02281cam a2200361 a 4500
001 109235
005 20230410103856.0
008 100610s2010 dcuab b 000 0 eng
035 _a16275934
925 0 _aacquire
_b2 shelf copies
_xpolicy default
_eclaim1 2010-10-20
_eclaim2 2011-02-14
942 _2lcc
_cbk
010 _a 2010024413
020 _a9780892065950 (pbk. : alk. paper)
020 _a0892065958 (pbk. : alk. paper)
035 _a(OCoLC)ocn640515449
040 _aDLC
_cDLC
_dYDX
_dUNA
_dCDX
_dYDXCP
_dBWX
_dDLC
043 _aa-iq---
_an-us---
050 1 4 _a414 DS 79.769
_bC794i 2010
082 0 0 _a355/.031097309567
100 1 _aCordesman, Anthony H.
245 1 0 _aIraq and the United States :
_bcreating a strategic partnership /
_cAnthony H. Cordesman, Adam Mausner, Elena Derby.
260 _aWashington, DC :
_bCenter for Strategic and International Studies,
_cc2010.
300 _axxiii, 369 p. :
_bill., maps ;
_c28 cm.
504 _aIncludes bibliographical references.
505 0 _aKey security, political, and economic issues -- The uncertain security environment in Iraq -- Arab-Kurdish tensions : political accommodation versus the possibility of conflict and dividing the Iraqi security forces -- The Sunni insurgency and Sunni politics -- The uncertain security and politics of the south -- The role of external powers : Iraqi attitudes toward outside states and companies -- The uncertain politics of the national election and forming a viable government -- The costs and risks of dependence on the petroleum sector -- The broader range of economic challenges and "threats" -- Iraqi reconstruction funding -- Shaping the character of U.S. withdrawal -- The Ministry of Defense and Iraqi military forces -- The Ministry of Interior, Iraqi Police and Internal Security Forces -- U.S. support of Iraqi Security Forces : "the paradigm shift" -- The Iraqi-U.S. strategic framework agreement : U.S. troop withdrawal and the shift to aid and advisory services.
651 0 _aUnited States
_xForeign relations
_zIraq.
651 0 _aIraq
_xForeign relations
_zUnited States.
651 0 _aPostwar reconstruction
_zIraq.
651 0 _aIraq
_xPolitics and government
_y2003-
700 1 _aMausner, Adam.
700 1 _aDerby, Elena.
946 _aYSL
999 _c27537
_d27537